[Event "106th British-ch 2019"]
[Site "Torquay"]
[Date "2019.07.31"]
[Round "5.23"]
[White "Ogunshola, Olugbemiga (Ben)"]
[Black "Yoon, Jacob D"]
[Result "1/2-1/2"]
[WhiteElo "2172"]
[BlackElo "1963"]
[Annotator "NA"]
[PlyCount "53"]
[EventDate "2019.07.27"]
[EventType "swiss"]
[EventCountry "GBR"]
[SourceTitle "playchess.com"]
[Source "ChessBase"]
[SourceQuality "1"]
[TimeControl "40/5400+30:1800+30"]

1. c4 {[%emt 0:00:51]} e6 {[%emt 0:00:00]} 2. g3 {[%emt 0:00:16]} d5 {[%emt 0:00:19]} 3. Bg2 {[%emt 0:00:07]} dxc4 {[%emt 0:00:19]} 4. Qc2 {[%emt 0:00:27]} Nd7 {[%emt 0:00:53]} 5. Qxc4 {[%emt 0:00:06]} a6 {[%emt 0:00:32]} 6. Qc2 {[%emt 0:00:47]} Rb8 {[%emt 0:00:33]} 7. Nf3 {[%emt 0:00:32]} b5 {[%emt 0:00:08]} 8. Nd4 {[%emt 0:02:13]} Ne7 {[%emt 0:00:24]} 9. Nc6 {[%emt 0:04:49]} Nxc6 {[%emt 0:00:06]} 10. Bxc6 {[%emt 0:00:02]} Bb7 {[%emt 0:01:16]} 11. O-O {[%emt 0:01:57]} Be7 {[%emt 0:05:08]} 12. d4 {[%emt 0:02:04]} O-O {[%emt 0:02:22]} 13. Bf4 {[%emt 0:05:26]} Bd6 {[%emt 0:01:04]} 14. Bxd6 {[%emt 0:02:39]} cxd6 {[%emt 0:00:10]} 15. Bxb7 {[%emt 0:00:04]} Rxb7 {[%emt 0:00:07]} 16. Rc1 {[%emt 0:00:05]} Rb8 {[%emt 0:03:49]} 17. Nd2 {[%emt 0:01:02]} Rc8 {[%emt 0:02:10]} 18. Qd3 {[%emt 0:00:03]} Nf6 {[%emt 0:03:38]} 19. Rc2 {[%emt 0:17:13]} Rxc2 {[%emt 0:01:46]} 20. Qxc2 {[%emt 0:00:03]} Qb6 {[%emt 0:00:10]} 21. Nf3 {[%emt 0:00:20]} h6 {[%emt 0:05:07]} 22. Rc1 {[%emt 0:00:19]} Qa5 {[%emt 0:00:05]} 23. a3 {[%emt 0:00:35]} Nd5 {[%emt 0:01:56]} 24. Qc6 {[%emt 0:07:52]} Rd8 {[%emt 0:05:27]} 25. Qb7 {[%emt 0:04:15]} Qa4 {[%emt 0:02:19]} 26. Kg2 {[%emt 0:13:56]} Qb3 {[%emt 0:02:53]} 27. Rc8 {[%emt 0:00:30]} 1/2-1/2

[Event "106th British-ch 2019"]
[Site "Torquay"]
[Date "2019.07.31"]
[Round "5.24"]
[White "Ledger, Dave J"]
[Black "Player, Edmund C"]
[Result "1/2-1/2"]
[WhiteElo "2168"]
[BlackElo "2202"]
[Annotator "NA"]
[PlyCount "97"]
[EventDate "2019.07.27"]
[EventType "swiss"]
[EventCountry "GBR"]
[SourceTitle "playchess.com"]
[Source "ChessBase"]
[SourceQuality "1"]
[TimeControl "40/5400+30:1800+30"]

1. e4 {[%emt 0:00:00]} e5 {[%emt 0:00:00]} 2. Nf3 {[%emt 0:00:00]} Nc6 {[%emt 0:00:00]} 3. Bc4 {[%emt 0:00:20]} Bc5 {[%emt 0:00:00]} 4. c3 {[%emt 0:01:24]} Nf6 {[%emt 0:00:43]} 5. d3 {[%emt 0:00:18]} d6 {[%emt 0:01:54]} 6. O-O {[%emt 0:03:00]} O-O {[%emt 0:02:42]} 7. a4 {[%emt 0:02:03]} a5 {[%emt 0:02:00]} 8. Na3 {[%emt 0:01:37]} h6 {[%emt 0:00:57]} 9. Nc2 {[%emt 0:02:07]} Bb6 {[%emt 0:04:04]} 10. Be3 {[%emt 0:06:35]} Bxe3 {[%emt 0:00:54]} 11. Nxe3 {[%emt 0:00:35]} Be6 {[%emt 0:00:42]} 12. Re1 {[%emt 0:04:38]} Re8 {[%emt 0:08:47]} 13. Bb5 {[%emt 0:06:22]} Bd7 {[%emt 0:04:53]} 14. Qb3 {[%emt 0:06:32]} Qc8 {[%emt 0:12:55]} 15. Nh4 {[%emt 0:05:44]} Ne7 {[%emt 0:07:18]} 16. Bc4 {[%emt 0:08:45]} Rf8 {[%emt 0:04:00]} 17. g3 {[%emt 0:04:46]} c6 {[%emt 0:18:42]} 18. Nhg2 {[%emt 0:06:56]} Rb8 {[%emt 0:03:21]} 19. Qa2 {[%emt 0:03:00]} b5 {[%emt 0:01:55]} 20. Bb3 {[%emt 0:01:15]} bxa4 {[%emt 0:15:09]} 21. Bxa4 {[%emt 0:00:41]} Be6 {[%emt 0:00:07]} 22. Nc4 {[%emt 0:04:46]} Qc7 {[%emt 0:01:33]} 23. Qa3 {[%emt 0:01:33]} Bxc4 {[%emt 0:02:27]} 24. dxc4 {[%emt 0:00:06]} Nd7 {[%emt 0:00:21]} 25. Bc2 {[%emt 0:03:45]} f5 {[%emt 0:02:43]} 26. b3 {[%emt 0:04:05]} fxe4 {[%emt 0:01:19]} 27. Qxa5 {[%emt 0:02:53]} Qb7 {[%emt 0:00:02]} 28. Qa7 {[%emt 0:01:46]} d5 {[%emt 0:01:31]} 29. Red1 {[%emt 0:05:37]} Nf6 {[%emt 0:00:48]} 30. Ne3 {[%emt 0:00:48]} Rfd8 {[%emt 0:00:27]} 31. Qc5 {[%emt 0:01:20]} Rd7 {[%emt 0:00:41]} 32. b4 {[%emt 0:00:56]} Rbd8 {[%emt 0:00:23]} 33. Nf1 {[%emt 0:03:56]} Qc7 {[%emt 0:00:34]} 34. Ra5 {[%emt 0:01:19]} d4 {[%emt 0:01:34]} 35. Qxe5 {[%emt 0:00:30]} Qxe5 {[%emt 0:00:22]} 36. Rxe5 {[%emt 0:00:03]} dxc3 {[%emt 0:01:22]} 37. Rc1 {[%emt 0:00:45]} Ng6 {[%emt 0:00:39]} 38. Rc5 {[%emt 0:01:13]} Rb7 {[%emt 0:00:33]} 39. b5 {[%emt 0:01:07]} cxb5 {[%emt 0:00:22]} 40. cxb5 {[%emt 0:00:25]} Rdb8 {[%emt 0:00:38]} 41. Bb3+ {[%emt 0:31:21]} Kh8 {[%emt 0:08:15]} 42. R1xc3 {[%emt 0:00:00]} Rxb5 {[%emt 0:01:06]} 43. Rc8+ Rxc8 {[%emt 0:02:34]} 44. Rxc8+ {[%emt 0:00:00]} Kh7 {[%emt 0:00:10]} 45. Bc2 {[%emt 0:00:00]} Rb4 {[%emt 0:12:31]} 46. Kg2 {[%emt 0:00:00]} Ne5 {[%emt 0:01:37]} 47. Ne3 {[%emt 0:00:00]} Kg6 {[%emt 0:01:56]} 48. h3 {[%emt 0:00:00]} Rd4 {[%emt 0:01:01]} 49. Rc7 {[%emt 0:00:00]} 1/2-1/2

[Event "106th British-ch 2019"]
[Site "Torquay"]
[Date "2019.07.31"]
[Round "5.25"]
[White "Villiers, Thomas"]
[Black "Crickmore, Neil Eg"]
[Result "0-1"]
[WhiteElo "2218"]
[BlackElo "2187"]
[Annotator "NA"]
[PlyCount "78"]
[EventDate "2019.07.27"]
[EventType "swiss"]
[EventCountry "GBR"]
[SourceTitle "playchess.com"]
[Source "ChessBase"]
[SourceQuality "1"]
[TimeControl "40/5400+30:1800+30"]

1. e4 {[%emt 0:00:00]} c5 {[%emt 0:00:00]} 2. Nf3 {[%emt 0:00:03]} g6 {[%emt 0:00:00]} 3. d4 {[%emt 0:00:51]} cxd4 {[%emt 0:00:00]} 4. Nxd4 {[%emt 0:00:10]} Nc6 {[%emt 0:00:00]} 5. Nc3 {[%emt 0:01:11]} Bg7 {[%emt 0:00:02]} 6. Be3 {[%emt 0:00:16]} Nf6 {[%emt 0:00:16]} 7. Bc4 {[%emt 0:01:37]} O-O {[%emt 0:00:11]} 8. Bb3 {[%emt 0:00:27]} a5 {[%emt 0:00:05]} 9. f3 {[%emt 0:00:51]} d5 {[%emt 0:05:51]} 10. exd5 {[%emt 0:01:39]} Nb4 {[%emt 0:06:39]} 11. Ndb5 {[%emt 0:00:10]} a4 {[%emt 0:00:50]} 12. Bc4 {[%emt 0:00:24]} Bf5 {[%emt 0:00:07]} 13. Rc1 {[%emt 0:06:41]} Rc8 {[%emt 0:02:16]} 14. b3 {[%emt 0:00:19]} Nxc2+ {[%emt 0:07:34]} 15. Rxc2 {[%emt 0:00:58]} Bxc2 {[%emt 0:00:06]} 16. Qxc2 {[%emt 0:00:11]} Nxd5 {[%emt 0:00:09]} 17. Nxd5 {[%emt 0:02:21]} Qxd5 {[%emt 0:05:02]} 18. Qe2 {[%emt 0:00:58]} Qe5 {[%emt 0:05:22]} 19. O-O {[%emt 0:01:36]} axb3 {[%emt 0:01:22]} 20. axb3 {[%emt 0:00:48]} Rfd8 {[%emt 0:05:07]} 21. Qf2 {[%emt 0:03:22]} Ra8 {[%emt 0:17:16]} 22. f4 {[%emt 0:04:07]} Qe4 {[%emt 0:04:39]} 23. Bb6 {[%emt 0:01:48]} Rd7 {[%emt 0:01:25]} 24. Re1 {[%emt 0:05:25]} Ra1 {[%emt 0:01:27]} 25. Rxa1 {[%emt 0:01:16]} Bxa1 {[%emt 0:00:02]} 26. h3 {[%emt 0:01:22]} Rd1+ {[%emt 0:14:53]} 27. Kh2 {[%emt 0:01:44]} g5 {[%emt 0:02:10]} 28. Bc7 {[%emt 0:01:51]} Bf6 {[%emt 0:07:28]} 29. fxg5 {[%emt 0:12:16]} Be5+ {[%emt 0:00:52]} 30. Bxe5 {[%emt 0:00:09]} Qxe5+ {[%emt 0:00:07]} 31. g3 {[%emt 0:00:08]} e6 {[%emt 0:00:29]} 32. h4 {[%emt 0:01:24]} Qe4 {[%emt 0:06:00]} 33. Qg2 {[%emt 0:00:13]} Qe5 {[%emt 0:01:31]} 34. Qxb7 {[%emt 0:05:10]} Rd2+ {[%emt 0:02:12]} 35. Kh3 {[%emt 0:02:16]} Qf5+ {[%emt 0:00:16]} 36. g4 {[%emt 0:00:06]} Qf4 {[%emt 0:00:07]} 37. Qa8+ {[%emt 0:00:37]} Kg7 {[%emt 0:00:09]} 38. Qa1+ {[%emt 0:00:11]} e5 {[%emt 0:01:23]} 39. Qg1 {[%emt 0:00:29]} Qf3+ {[%emt 0:01:10]} 0-1

[Event "106th British-ch 2019"]
[Site "Torquay"]
[Date "2019.07.31"]
[Round "5.26"]
[White "Donaldson, Thomas"]
[Black "Starley, Robert"]
[Result "0-1"]
[WhiteElo "2065"]
[BlackElo "2058"]
[Annotator "NA"]
[PlyCount "74"]
[EventDate "2019.07.27"]
[EventType "swiss"]
[EventCountry "GBR"]
[SourceTitle "playchess.com"]
[Source "ChessBase"]
[SourceQuality "1"]
[TimeControl "40/5400+30:1800+30"]

1. d4 {[%emt 0:00:00]} Nf6 {[%emt 0:00:00]} 2. c4 {[%emt 0:00:00]} e6 {[%emt 0:00:00]} 3. Nc3 {[%emt 0:00:00]} Bb4 {[%emt 0:00:00]} 4. e3 {[%emt 0:00:00]} c5 {[%emt 0:00:00]} 5. Bd3 {[%emt 0:00:06]} Nc6 {[%emt 0:00:00]} 6. Nf3 {[%emt 0:00:12]} Bxc3+ {[%emt 0:00:13]} 7. bxc3 {[%emt 0:00:08]} d6 {[%emt 0:00:07]} 8. O-O {[%emt 0:00:24]} e5 {[%emt 0:00:24]} 9. d5 {[%emt 0:00:08]} Ne7 {[%emt 0:00:36]} 10. e4 {[%emt 0:00:07]} O-O {[%emt 0:00:20]} 11. Rb1 {[%emt 0:00:13]} Ng6 {[%emt 0:01:50]} 12. Ne1 {[%emt 0:02:48]} Re8 {[%emt 0:04:04]} 13. g3 {[%emt 0:01:15]} Bh3 {[%emt 0:03:35]} 14. Ng2 {[%emt 0:00:28]} b6 {[%emt 0:01:24]} 15. Qc2 {[%emt 0:02:37]} Qd7 {[%emt 0:01:42]} 16. Bg5 {[%emt 0:07:22]} Nf4 {[%emt 0:36:42]} 17. Nxf4 {[%emt 0:43:26]} Bxf1 {[%emt 0:04:10]} 18. Rxf1 {[%emt 0:00:16]} exf4 {[%emt 0:00:39]} 19. Bxf4 {[%emt 0:01:00]} Ng4 {[%emt 0:02:43]} 20. Bc1 {[%emt 0:01:32]} Ne5 {[%emt 0:02:23]} 21. Be2 {[%emt 0:00:08]} f6 {[%emt 0:02:38]} 22. f4 {[%emt 0:09:07]} Nf7 {[%emt 0:02:30]} 23. Qd1 {[%emt 0:02:50]} Rxe4 {[%emt 0:02:35]} 24. Bd3 {[%emt 0:06:45]} Re7 {[%emt 0:01:22]} 25. Qc2 {[%emt 0:00:17]} h6 {[%emt 0:03:10]} 26. Qd1 {[%emt 0:03:25]} Rae8 {[%emt 0:01:23]} 27. Qh5 {[%emt 0:02:25]} Re1 {[%emt 0:04:12]} 28. Bd2 {[%emt 0:00:31]} Rxf1+ {[%emt 0:00:34]} 29. Kxf1 {[%emt 0:00:08]} Qa4 {[%emt 0:01:19]} 30. Bg6 {[%emt 0:02:04]} Qxc4+ {[%emt 0:00:25]} 31. Kg1 {[%emt 0:00:26]} Re7 {[%emt 0:00:43]} 32. Qf5 {[%emt 0:00:59]} Qe2 {[%emt 0:00:42]} 33. c4 {[%emt 0:01:10]} Qd1+ {[%emt 0:01:21]} 34. Kg2 {[%emt 0:00:14]} Qxd2+ {[%emt 0:00:15]} 35. Kh3 {[%emt 0:00:07]} Qe2 {[%emt 0:00:36]} 36. Bh7+ {[%emt 0:00:51]} Kf8 {[%emt 0:00:27]} 37. Bg6 {[%emt 0:00:11]} Re8 {[%emt 0:02:19]} 0-1

[Event "106th British-ch 2019"]
[Site "Torquay"]
[Date "2019.07.31"]
[Round "5.27"]
[White "Jaufarally, Nadia"]
[Black "Kahn, Tito"]
[Result "1-0"]
[WhiteElo "1944"]
[BlackElo "1921"]
[Annotator "NA"]
[PlyCount "81"]
[EventDate "2019.07.27"]
[EventType "swiss"]
[EventCountry "GBR"]
[SourceTitle "playchess.com"]
[Source "ChessBase"]
[SourceQuality "1"]
[TimeControl "40/5400+30:1800+30"]

1. e4 {[%emt 0:00:00]} c5 {[%emt 0:00:00]} 2. Nf3 {[%emt 0:00:00]} e6 {[%emt 0:00:04]} 3. d4 {[%emt 0:00:00]} cxd4 {[%emt 0:00:02]} 4. Nxd4 {[%emt 0:00:00]} a6 {[%emt 0:00:06]} 5. Bd3 {[%emt 0:00:16]} Nc6 {[%emt 0:01:15]} 6. Nxc6 {[%emt 0:01:19]} dxc6 {[%emt 0:00:07]} 7. O-O {[%emt 0:01:14]} e5 {[%emt 0:01:39]} 8. Nd2 {[%emt 0:06:54]} Nf6 {[%emt 0:19:13]} 9. Nc4 {[%emt 0:03:35]} Qc7 {[%emt 0:00:26]} 10. Be3 {[%emt 0:03:01]} Nd7 {[%emt 0:17:15]} 11. a4 {[%emt 0:11:48]} b5 {[%emt 0:00:06]} 12. axb5 {[%emt 0:02:08]} cxb5 {[%emt 0:00:08]} 13. Nd2 {[%emt 0:02:00]} Rb8 {[%emt 0:01:51]} 14. Nb3 {[%emt 0:01:46]} Be7 {[%emt 0:04:06]} 15. Kh1 {[%emt 0:01:57]} O-O {[%emt 0:00:08]} 16. Qe2 {[%emt 0:10:21]} Nc5 {[%emt 0:04:43]} 17. Nxc5 {[%emt 0:03:37]} Bxc5 {[%emt 0:00:05]} 18. Bd2 {[%emt 0:01:18]} Bb7 {[%emt 0:03:43]} 19. f4 {[%emt 0:02:07]} Bd6 {[%emt 0:04:23]} 20. f5 {[%emt 0:01:32]} f6 {[%emt 0:03:31]} 21. Rf3 {[%emt 0:05:49]} Bc5 {[%emt 0:01:50]} 22. Rh3 {[%emt 0:07:32]} Rf7 {[%emt 0:06:13]} 23. Qh5 {[%emt 0:02:53]} h6 {[%emt 0:00:41]} 24. Qg6 {[%emt 0:10:26]} Kf8 {[%emt 0:00:46]} 25. Qh7 {[%emt 0:06:24]} Ke7 {[%emt 0:03:32]} 26. Rg3 {[%emt 0:03:11]} Kd6 {[%emt 0:00:55]} 27. Ba5 {[%emt 0:04:27]} Qe7 {[%emt 0:01:00]} 28. c4 {[%emt 0:02:44]} Bc8 {[%emt 0:08:46]} 29. Rd1 {[%emt 0:04:03]} b4 {[%emt 0:04:18]} 30. Bc2+ {[%emt 0:02:02]} Kc6 {[%emt 0:00:01]} 31. Ba4+ {[%emt 0:00:11]} Kb7 {[%emt 0:00:01]} 32. Bd8 {[%emt 0:00:48]} Qf8 {[%emt 0:00:36]} 33. Ba5 {[%emt 0:00:25]} Ka7 {[%emt 0:03:45]} 34. Rd8 {[%emt 0:00:26]} Qe7 {[%emt 0:00:40]} 35. Qg8 {[%emt 0:00:42]} Qb7 {[%emt 0:01:12]} 36. Bc6 {[%emt 0:00:18]} Qxc6 {[%emt 0:03:12]} 37. Qxf7+ {[%emt 0:00:06]} Bb7 {[%emt 0:03:21]} 38. Rxb8 {[%emt 0:00:33]} Kxb8 {[%emt 0:00:54]} 39. Rxg7 {[%emt 0:00:46]} Qxe4 {[%emt 0:00:38]} 40. Qc7+ {[%emt 0:00:07]} Ka8 {[%emt 0:02:47]} 41. Rg8+ {[%emt 0:30:09]} 1-0

[Event "106th British-ch 2019"]
[Site "Torquay"]
[Date "2019.08.01"]
[Round "6.1"]
[White "Tan, Justin Hy"]
[Black "Adams, Michael"]
[Result "1/2-1/2"]
[WhiteElo "2513"]
[BlackElo "2690"]
[Annotator "TA"]
[PlyCount "38"]
[EventDate "2019.07.27"]
[EventType "swiss"]
[EventCountry "GBR"]
[SourceTitle "playchess.com"]
[Source "ChessBase"]
[SourceQuality "1"]

{[%evp 17,38,0,0,-9,2,0,33,24,18,12,26,18,16,0,0,0,6,0,0,0,9,0,0]} 1. e4 e5 2. Nf3 Nc6 3. Nc3 Nf6 4. d4 exd4 5. Nxd4 Bb4 6. Nxc6 bxc6 7. Bd3 d5 8. exd5 cxd5 9. O-O O-O 10. h3 {C47: Scotch Four Knights and Four Knights with 4 g3} Rb8 11. Qf3 d4 12. Ne4 {White is slightly better.} Nxe4 13. Bxe4 {[#]} Bd6 $146 ({Predecessor:} 13... Re8 14. c3 dxc3 15. bxc3 Bxc3 16. Bxh7+ Kxh7 17. Qxc3 Rb6 {½-½ (26) Kamsky,G (2741)-Hammer,J (2605) Tromsoe 2013}) 14. Rd1 Re8 {The position is equal.} 15. Bd5 Be6 {[#] Strongly threatening ...Bxd5.} 16. Bc6 Bd7 17. Bd5 Be6 {Hoping for ...Bxd5.} 18. Bc6 Bd7 19. Bd5 Be6 1/2-1/2

[Event "106th British-ch 2019"]
[Site "Torquay"]
[Date "2019.08.01"]
[Round "6.2"]
[White "Wadsworth, Matthew J"]
[Black "Howell, David W L"]
[Result "0-1"]
[WhiteElo "2418"]
[BlackElo "2697"]
[Annotator "RC"]
[PlyCount "74"]
[EventDate "2019.07.27"]
[EventType "swiss"]
[EventCountry "GBR"]
[SourceTitle "playchess.com"]
[Source "ChessBase"]
[SourceQuality "1"]
[TimeControl "40/5400+30:1800+30"]

1. c4 {[%emt 0:00:00]} g6 {[%emt 0:04:45]} 2. g3 {[%emt 0:00:00]} Bg7 {[%emt 0:00:34]} 3. Bg2 {[%emt 0:00:16]} c5 {[%emt 0:00:49]} 4. Nc3 {[%emt 0:00:30]} Nc6 {[%emt 0:00:13]} 5. Nf3 {[%emt 0:00:15]} e6 {[%emt 0:00:15]} 6. d3 {[%emt 0:01:35]} Nge7 {[%emt 0:00:33]} 7. Bg5 {[%emt 0:00:15]} h6 {[%emt 0:01:50]} 8. Bd2 {[%emt 0:00:22]} d5 {[%emt 0:00:08]} 9. Qc1 {[%emt 0:06:10]} b6 {[%emt 0:00:08]} 10. Rb1 {[%emt 0:06:50]} Bb7 {[%emt 0:03:52]} 11. O-O {[%emt 0:02:52]} Rc8 {[%emt 0:00:06]} 12. a3 {[%emt 0:07:22]} Nd4 {[%emt 0:03:23]} 13. cxd5 {[%emt 0:06:25]} Bxd5 {[%emt 0:12:14]} 14. Ne1 {[%emt 0:09:38]} Ba2 {[%emt 0:02:22]} 15. Ra1 {[%emt 0:00:09]} Bb3 {[%emt 0:06:08]} 16. e3 {[%emt 0:04:38]} Ndc6 {[%emt 0:02:30]} 17. a4 {[%emt 0:05:41]} e5 {[%emt 0:01:12]} 18. Ne2 {[%emt 0:05:28]} O-O {[%emt 0:07:08]} 19. Ra3 {[%emt 0:04:26]} Be6 {[%emt 0:00:20]} 20. a5 {[%emt 0:10:48]} b5 {[%emt 0:07:08]} 21. Qxc5 {[%emt 0:02:14]} Nd4 {[%emt 0:00:55]} 22. exd4 {[%emt 0:00:02]} Rxc5 {[%emt 0:00:10]} 23. dxc5 {[%emt 0:00:03]} Bd5 {[%emt 0:05:52]} 24. b4 {[%emt 0:04:43]} a6 {[%emt 0:02:53]} 25. Bxd5 {[%emt 0:11:15]} Qxd5 {[%emt 0:01:07]} 26. Ng2 {[%emt 0:01:10]} Qf3 {[%emt 0:03:53]} 27. Re1 {[%emt 0:00:47]} Nc6 {[%emt 0:01:32]} 28. Nh4 {[%emt 0:02:34]} Qd5 {[%emt 0:02:25]} 29. d4 {[%emt 0:01:19]} g5 {[%emt 0:13:00]} 30. Nf3 {[%emt 0:01:23]} exd4 {[%emt 0:00:56]} 31. Nc1 {[%emt 0:00:18]} f6 {[%emt 0:05:07]} 32. h4 {[%emt 0:01:47]} Kh7 {[%emt 0:01:04]} 33. Nh2 {[%emt 0:01:16]} Ne5 {[%emt 0:01:22]} 34. Nd3 {[%emt 0:00:42]} Nc4 {[%emt 0:00:22]} 35. Ra2 {[%emt 0:00:25]} Ne3 {[%emt 0:00:45]} 36. Bxe3 {[%emt 0:01:07]} Qxa2 {[%emt 0:00:08]} 37. Bxd4 {[%emt 0:00:12]} Qc4 {[%emt 0:00:20]} 0-1

[Event "106th British-ch 2019"]
[Site "Torquay"]
[Date "2019.08.01"]
[Round "6.3"]
[White "Gordon, Stephen J"]
[Black "Williams, Simon K"]
[Result "1-0"]
[WhiteElo "2516"]
[BlackElo "2468"]
[Annotator "ChessBase"]
[PlyCount "61"]
[EventDate "2019.07.27"]
[EventType "swiss"]
[EventCountry "GBR"]
[SourceTitle "playchess.com"]
[Source "ChessBase"]
[SourceQuality "1"]
[TimeControl "40/5400+30:1800+30"]

1. Nf3 {[%emt 0:00:00]} Nf6 {[%emt 0:00:15]} 2. g3 {[%emt 0:00:07]} g6 {[%emt 0:01:18]} 3. b3 {[%emt 0:00:46]} Bg7 {[%emt 0:00:42]} 4. Bb2 {[%emt 0:00:02]} O-O {[%emt 0:01:30]} 5. Bg2 {[%emt 0:00:03]} d6 {[%emt 0:15:23]} 6. d4 {[%emt 0:00:05]} c6 {[%emt 0:03:29]} 7. O-O {[%emt 0:05:09]} Qa5 {[%emt 0:02:22]} 8. h3 {[%emt 0:03:18]} Qh5 {[%emt 0:02:31]} 9. g4 {[%emt 0:01:19]} Bxg4 {[%emt 0:02:23]} 10. hxg4 {[%emt 0:00:05]} Nxg4 {[%emt 0:00:03]} 11. Nbd2 {[%emt 0:04:00]} f5 {[%emt 0:00:33]} 12. Re1 {[%emt 0:02:34]} Nd7 {[%emt 0:21:56]} 13. Nf1 {[%emt 0:02:31]} Ndf6 {[%emt 0:03:42]} 14. e3 {[%emt 0:08:50]} Ne4 {[%emt 0:03:17]} 15. Re2 {[%emt 0:00:24]} g5 {[%emt 0:07:32]} 16. N3d2 {[%emt 0:04:29]} Nef6 {[%emt 0:01:39]} 17. e4 {[%emt 0:03:11]} fxe4 {[%emt 0:02:51]} 18. Nxe4 {[%emt 0:00:38]} Nd5 {[%emt 0:00:25]} 19. Neg3 {[%emt 0:03:38]} Qh4 {[%emt 0:01:01]} 20. Bxd5+ {[%emt 0:02:46]} cxd5 {[%emt 0:00:05]} 21. Qd3 {[%emt 0:02:51]} Nh6 {[%emt 0:13:07]} 22. Rxe7 {[%emt 0:02:34]} Rf4 {[%emt 0:01:50]} 23. Qb5 {[%emt 0:06:53]} Raf8 {[%emt 0:00:12]} 24. Qxb7 {[%emt 0:12:03]} Nf5 {[%emt 0:01:19]} 25. Qxd5+ {[%emt 0:01:43]} Kh8 {[%emt 0:00:05]} 26. Re4 {[%emt 0:09:14]} Qg4 {[%emt 0:09:43]} 27. Nh2 {[%emt 0:04:53]} Qh3 {[%emt 0:01:18]} 28. Rxf4 {[%emt 0:00:35]} gxf4 {[%emt 0:00:24]} 29. Nxf5 {[%emt 0:00:04]} Rxf5 {[%emt 0:01:14]} 30. Qf3 {[%emt 0:00:15]} Qh4 {[%emt 0:00:17]} 31. Kh1 {[%emt 0:03:02]} 1-0

[Event "106th British-ch 2019"]
[Site "Torquay"]
[Date "2019.08.01"]
[Round "6.4"]
[White "Haria, Ravi"]
[Black "Pert, Richard G"]
[Result "1/2-1/2"]
[WhiteElo "2430"]
[BlackElo "2430"]
[Annotator "NA"]
[PlyCount "88"]
[EventDate "2019.07.27"]
[EventType "swiss"]
[EventCountry "GBR"]
[SourceTitle "playchess.com"]
[Source "ChessBase"]
[SourceQuality "1"]
[TimeControl "40/5400+30:1800+30"]

1. e4 {[%emt 0:00:00]} e6 {[%emt 0:00:00]} 2. d4 {[%emt 0:00:00]} d5 {[%emt 0:00:00]} 3. Nd2 {[%emt 0:00:00]} Be7 {[%emt 0:00:00]} 4. Ngf3 {[%emt 0:00:19]} Nf6 {[%emt 0:00:24]} 5. e5 {[%emt 0:00:04]} Nfd7 {[%emt 0:00:06]} 6. Bd3 {[%emt 0:00:04]} c5 {[%emt 0:00:10]} 7. O-O {[%emt 0:00:29]} Nc6 {[%emt 0:04:48]} 8. Re1 {[%emt 0:00:32]} O-O {[%emt 0:01:47]} 9. c3 {[%emt 0:08:01]} f6 {[%emt 0:00:41]} 10. exf6 {[%emt 0:07:49]} Nxf6 {[%emt 0:00:14]} 11. Nf1 {[%emt 0:00:57]} cxd4 {[%emt 0:01:45]} 12. cxd4 {[%emt 0:00:22]} Qb6 {[%emt 0:00:37]} 13. Ng3 {[%emt 0:08:31]} Ng4 {[%emt 0:01:57]} 14. Re2 {[%emt 0:41:09]} Bd6 {[%emt 0:42:10]} 15. Bc2 {[%emt 0:14:39]} g6 {[%emt 0:03:15]} 16. Nf1 {[%emt 0:02:32]} Bd7 {[%emt 0:03:07]} 17. h3 {[%emt 0:00:28]} Rxf3 {[%emt 0:00:16]} 18. hxg4 {[%emt 0:04:42]} Rf7 {[%emt 0:01:13]} 19. Be3 {[%emt 0:00:39]} Nb4 {[%emt 0:03:58]} 20. Bb3 {[%emt 0:03:06]} Bb5 {[%emt 0:01:28]} 21. Rd2 {[%emt 0:00:30]} a5 {[%emt 0:01:47]} 22. a3 {[%emt 0:01:15]} Nc6 {[%emt 0:00:08]} 23. Nh2 {[%emt 0:00:31]} Bxh2+ {[%emt 0:05:50]} 24. Kxh2 {[%emt 0:00:01]} a4 {[%emt 0:00:06]} 25. Ba2 {[%emt 0:02:12]} Na5 {[%emt 0:00:15]} 26. Rc1 {[%emt 0:00:23]} Bc4 {[%emt 0:00:50]} 27. Bb1 {[%emt 0:01:02]} Nb3 {[%emt 0:00:27]} 28. g3 {[%emt 0:02:44]} Raf8 {[%emt 0:03:51]} 29. Rcc2 {[%emt 0:00:44]} Rf3 {[%emt 0:02:05]} 30. Kg2 {[%emt 0:00:19]} Qb5 {[%emt 0:08:31]} 31. Rc3 {[%emt 0:00:28]} Nxd2 {[%emt 0:00:48]} 32. Qxd2 {[%emt 0:00:05]} Bf1+ {[%emt 0:00:56]} 33. Kg1 {[%emt 0:00:42]} Bh3 {[%emt 0:00:34]} 34. Bd3 {[%emt 0:00:17]} Qd7 {[%emt 0:02:32]} 35. Be2 {[%emt 0:00:31]} Qf7 {[%emt 0:03:08]} 36. Bf4 {[%emt 0:01:14]} Rxc3 {[%emt 0:00:51]} 37. Qxc3 {[%emt 0:00:18]} h5 {[%emt 0:01:06]} 38. gxh5 {[%emt 0:00:32]} gxh5 {[%emt 0:00:06]} 39. Qe3 {[%emt 0:00:39]} Qg6 {[%emt 0:01:15]} 40. Kh2 {[%emt 0:00:26]} Bg4 {[%emt 0:01:32]} 41. f3 {[%emt 0:06:20]} Bf5 {[%emt 0:00:16]} 42. Bb5 {[%emt 0:00:06]} Bc2 {[%emt 0:10:38]} 43. Bd7 {[%emt 0:02:13]} Kh7 {[%emt 0:01:14]} 44. Qxe6 {[%emt 0:08:18]} Qxe6 {[%emt 0:11:22]} 1/2-1/2